|
|
|
|
| LEADER |
00584cam a2200193ua 4500 |
| 008 |
060815t2001||||||||||| 00 ||hin c |
| 041 |
0 |
|
|a hin
|
| 082 |
|
|
|a H891.433 71
|b UDA/P
|
| 100 |
0 |
|
|a Uday Prakash,
|
| 245 |
0 |
0 |
|a Peeli chhatri wali larki /
|
| 260 |
|
|
|a New Delhi:
|b Vani prakasan,
|c 2001.
|
| 300 |
|
|
|a 156p..
|
| 362 |
1 |
|
|a 2001.
|
| 365 |
|
|
|a Rs.150/.
|e hb
|
| 504 |
|
|
|a .
|
| 650 |
0 |
|
|a Hindi fiction
|
| 942 |
|
|
|c BK
|
| 999 |
|
|
|c 6415
|d 6415
|
| 952 |
|
|
|0 0
|1 0
|4 0
|6 H_891_433000000000000_71_UDA
|7 0
|9 6744
|a KUCL
|b KUCL
|d 2014-05-23
|l 1
|m 1
|o H891.433 71 UDA/
|p 11601
|r 2017-01-17
|s 2016-11-10
|w 2014-05-23
|y BK
|